000 01189nam a2200265 a 4500
999 _c7328
_d7328
003 BJBSDDR
005 20230404125921.0
007 ta
008 910817s1990 ec a b 100 0 spa
040 _aDLC
_cDLC
_bspa
041 _aspa
043 _acl-----
050 1 4 _aHF 1480.5
_bA512 1990
245 0 0 _aAmérica Latina en el nuevo contexto internacional :
_bSeminario internacional realizado por la Corporación de Estudios para el Desarrollo-CORDES, del 2 al 4 de julio, 1990, Quito-Ecuador /
_c[Robert Devlin ... et al. ; introducción de Germánico Salgado].
260 _aQuito, Ecuador :
_bCorporación de Estudios para el Desarrollo - CORDES,
_c[1990?]
300 _a220 páginas :
_bilustraciones ;
_c21 cm.
504 _aIncluye referencias bibliográficas.
651 0 _aLatin America
_xForeign economic relations
_xCongresses.
651 4 _aAmérica Latina
_xRelaciones económicas exteriores
_93394
700 1 _aDevlin, Robert
_926673
710 2 _aCorporación de Estudios para el Desarrollo (Ecuador)
_926672
906 _a7
_bcbc
_corignew
_d2
_encip
_f19
_gy-gencatlg
942 _2lcc
_cBK